Datum a čas kvízu
27
Celkem bodů
Celkový počet nahraných bodů na tomto kvízu bez doplňovacích otázek.
5.
Pořadí na kvízu
Konečné umístění týmu na tomto kvízu.
Zaznamenané odpovědi
| # | Otázka | Odpověď | Body | Výsledky |
|---|---|---|---|---|
| 1. | Vedle kanceláře poslance SPD R... | 1 | ||
| 2. | Jednotvárný zvuk od silnice ob... | 0 | ||
| 3. | Česká televize v loňském roce... | 1 | ||
| 4. | Ministerstvo dopravy vybralo v... | 0 | ||
| 5. | Minulý týden se začala prodáva... | 1 | ||
| 6. | Vzpomeňme v tomto tématu na zř... | 1 | ||
| 7. | Vyberte nepravdivé tvrzení o F... | 1 | ||
| 8. | Ze kterého Formanova filmu je... | 1 | ||
| 9. | Jakou větu pronesl v Přeletu n... | 0 | ||
| 10. | V roce 1979 natočil Miloš Form... | 0 |